01185 a2200181 45000010006000000050017000060080041000230030015000640400040000790800104001192450060002232640035002833000019003185050595003371000024009327000023009567000024009795479720260407155824.0260407a1967 arg spa dAR-UNSa-BCEJYS aAR-UNSa-BCEJYSbspacAR-UNSa-BCEJYS a304.9xCrítica de la situación social. Planes para la mejora de la sociedad. Utopías sociales10aPlanificación sociológica de los problemas sociales 1aBuenos Aires :bPaidósc1967 a221 p.c22 cm. a1. La pobreza urbana y la planificación social,por Herbert J. Gans - 2. Del tratamiento de la delincuencia al desarrollo de la comunidad,por Alfred J. Kahn - 3. La investigación y los conflictos que surgen al desarrollar programas sociales,por Elmer Luchterhand - 4. La escuela y la familia: La vinculación de las organizaciones con los grupos primarios externos,por Eugene Litwak y Henry J. Meyer - 5. La desocupación,la mano de obra y el desarrollo regional,por Harold L. Sheppard - 6. La salud pública,por Edward A. Suchman - 7. La vejez,por Gordon F. Streib y Harold L. Orbach1 aLazarsfeld, Paul F.1 aSewell, William H.1 aWilensky, Harold L.